Пропуск в контексте

Записки Общества изучения Амурского края. Т. XLVIII Т. 48 Записки Общества изучения Амурского края. Т. XLVIII

Сохранить в:
Bibliografiske detaljer
Format: Книга
Sprog:Russian
Udgivet: Владивосток ВВГУ 2023
Online adgang:https://e.lanbook.com/book/416621
https://e.lanbook.com/img/cover/book/416621.jpg
Tags: Tilføj Tag
Ingen Tags, Vær først til at tagge denne postø!
LEADER 01007nam0a2200253 i 4500
001 416621
003 RuSpLAN
005 20240627113146.0
008 240627s2023 ru gs 000 0 rus
020 |a 978-5-9736-0691-6 
040 |a RuSpLAN 
041 0 |a rus 
044 |a ru 
080 |a 908 
084 |a 26.891  |2 rubbk 
245 1 |a Записки Общества изучения Амурского края. Т. XLVIII  |n Т. 48  |p Записки Общества изучения Амурского края. Т. XLVIII 
260 |a Владивосток  |b ВВГУ  |c 2023 
300 |a 280 с. 
504 |a Библиогр.: доступна в карточке книги, на сайте ЭБС Лань 
521 8 |a Книга из коллекции ВВГУ - Социально-гуманитарные науки 
521 8 |a СЭБ 
856 4 |u https://e.lanbook.com/book/416621 
856 4 8 |u https://e.lanbook.com/img/cover/book/416621.jpg 
953 |a https://e.lanbook.com/img/cover/book/416621.jpg